| 000 | 00000nam##2200000za#4500 |
| 001 | 9.526446 |
| 003 | CaOODSP |
| 005 | 20220623092428 |
| 007 | ta |
| 008 | 150406|1995||||xxc||||| f|0| 0 eng|d |
| 020 | |a0-662-62097-6 |
| 040 | |aCaOODSP|beng |
| 041 | |aeng |
| 041 | |afre |
| 043 | |an-cn--- |
| 086 | 1 |aC21-23/10 |
| 110 | 1 |aCanada.|bIndustry Canada. |bMicro-Economic Analysis Directorate. |
| 245 | 10|aEndogenous innovation and growth : |bimplications for Canada / |cby Pierre Fortin and Elhanan Helpman. |
| 260 | |aOttawa - Ontario : |bIndustry Canada. |c1995. |
| 300 | |aEnglish text, iii, 60p. : |bgraphs, tables ; |c23 cm. |
| 490 | 1 |aOccasional paper|vNo. 10, August, 1995 |
| 500 | |aContents: Introduction.--Canada: real income and productivity.--Ingredients for growth.--Endogenous innovation.--International interdependence.--Bibliography. |
| 504 | |aBibliography. |
| 546 | |aBilingual |
| 563 | |aSoftcover |
| 590 | |a95-43|b1995-10-27 |
| 690 | 07|aEconomy|2gcpds |
| 720 | 1 |aFortin, Pierre |
| 720 | 1 |aHelpman, Elhanan |
| 776 | 0#|tEndogenous innovation and growth - implications for Canada : |w(CaOODSP)9.570603 |
| 776 | 0#|tInnovation endogène et croissance : conséquences du point de vue canadien : |w(CaOODSP)9.601250 |
| 792 | |tInnovation endogène et croissance : |efre|w(CaOODSP)9.526447 |
| 830 | #0|aOccasional paper (Canada. Industry Canada)|vNo. 10, August, 1995|w(CaOODSP)9.509050 |